National Custom & Self Build Association (NaSBA) (Record no. 120931)
[ view plain ]
| 000 -LEADER | |
|---|---|
| fixed length control field | 01726cai a22002175a 4500 |
| 001 - CONTROL NUMBER | |
| control field | L154039 |
| 008 - FIXED-LENGTH DATA ELEMENTS--GENERAL INFORMATION | |
| fixed length control field | 111007u xxk f 000 0 eng d |
| 035 ## - SYSTEM CONTROL NUMBER | |
| System control number | (Sirsi) u154039 |
| 041 0# - LANGUAGE CODE | |
| Language code of text/sound track or separate title | eng |
| 110 2# - MAIN ENTRY--CORPORATE NAME | |
| Corporate name or jurisdiction name as entry element | National Custom & Self Build Association |
| 9 (RLIN) | 6169 |
| 245 00 - TITLE STATEMENT | |
| Title | National Custom & Self Build Association (NaSBA) |
| Medium | [electronic resource] |
| 520 ## - SUMMARY, ETC. | |
| Summary, etc. | The objectives of NaCSBA are to promote self build and custom build as a form of housing delivery that can make a significant contribution to home building in the UK. To encourage the release of more land for self build projects across the UK, to raise the profile of self building as one of the best methods of delivering new housing, to encourage best practice in self build, to provide a structured forum for people and organisations with an interest in self build, to be a central representative body to put the views of the self build community to Government departments and agencies, Parliament, the European Commission and other relevant organisations, to be a research and statistical centre, to aggregate and publish statistics, and to provide analysis on self build and other relevant market information. NaCSBA was formally launched as the National Self Build Association (NaSBA) in October 2008. |
| 590 ## - LOCAL NOTE (RLIN) | |
| Local note | KA NTK |
| 651 #4 - SUBJECT ADDED ENTRY--GEOGRAPHIC NAME | |
| Geographic name | United Kingdom |
| Chronological subdivision | 1973- |
| 690 ## - LOCAL SUBJECT ADDED ENTRY--TOPICAL TERM (OCLC, RLIN) | |
| Topical term or geographic name as entry element | BUILT ENVIRONMENT-CONSTRUCTION MANAGEMENT-CONSTRUCTION DESIGN AND MANAGEMENT |
| 690 ## - LOCAL SUBJECT ADDED ENTRY--TOPICAL TERM (OCLC, RLIN) | |
| Topical term or geographic name as entry element | PROPERTY-RESIDENTIAL PROPERTY-DOMESTIC RESIDENTIAL PROPERTY-HOUSING |
| 690 ## - LOCAL SUBJECT ADDED ENTRY--TOPICAL TERM (OCLC, RLIN) | |
| Topical term or geographic name as entry element | BUILT ENVIRONMENT-CONSTRUCTION MARKET |
| 710 1# - ADDED ENTRY--CORPORATE NAME | |
| Corporate name or jurisdiction name as entry element | National Self Build Association |
| 9 (RLIN) | 5919 |
| 856 40 - ELECTRONIC LOCATION AND ACCESS | |
| Uniform Resource Identifier | <a href="https://www.nacsba.org.uk/Index.aspx">https://www.nacsba.org.uk/Index.aspx</a> |
| Public note | View the website free of charge at www.nacsba.org.uk |
| 942 ## - ADDED ENTRY ELEMENTS (KOHA) | |
| Suppress in OPAC | 0 |
| Withdrawn status | Lost status | Source of classification or shelving scheme | Damaged status | Not for loan | Home library | Current library | Shelving location | Date acquired | Total Checkouts | Full call number | Barcode | Date last seen | Copy number | Price effective from | Koha item type |
|---|---|---|---|---|---|---|---|---|---|---|---|---|---|---|---|
| Dewey Decimal Classification | Virtual | Virtual | Online | 07/10/2011 | WEBSITE | 154039-2001 | 06/08/2019 | 1 | 06/08/2019 | Online material |